Anuari de les biblioteques populars
Descripción Física:
6 vols. ; periodicitat: anual ; 21 cm.
Otros Autores:
Catalunya. Mancomunitat. Direcció Tècnica de Biblioteques
,
Catalunya. Mancomunitat. Consell de Pedagogia
Idioma:
Catalán
MARC
| LEADER | 00000nas a2200000 a 4500 | ||
|---|---|---|---|
| 001 | 7012, 7014, 7017, 7018, 7020, 7022, 27701, 27701, 27701 | ||
| 003 | Arxiu | ||
| 005 | 20260324181507.0 | ||
| 008 | 220517d19221935spcar||| ||||s0 0 cat c | ||
| 040 | |a agdb | ||
| 245 | 0 | 0 | |a Anuari de les biblioteques populars |
| 246 | |a Anuario de las bibliotecas populares | ||
| 246 | |a Anuari de les biblioteques populars i de les biblioteques tècniques de la Universitat Industrial | ||
| 260 | |a Barcelona : |b Consell de Pedagogia, Direcció Tècnica de Biblioteques Populars ; |c 1922-1935 | ||
| 300 | |a 6 vols. ; |b periodicitat: anual ; |c 21 cm. | ||
| 306 | |a 1922 - 1935 | ||
| 310 | |a Anual | ||
| 362 | |a 1922 - 1935 | ||
| 546 | |a Publicada en castellà durant els anys 1924 al 1929. | ||
| 590 | |a A la part superior de la portada: Mancomunitat de Catalunya (anys 1922 i 1923). | ||
| 590 | |a Variant del títol l'any 1923: Anuari de les biblioteques populars i de les biblioteques tècniques de la Universitat Industrial. | ||
| 650 | |a Biblioteques |x Catalunya |x Revistes |9 29919 | ||
| 655 | |a Revistes |9 55823 | ||
| 700 | |a Catalunya. Mancomunitat. Direcció Tècnica de Biblioteques |9 30215 | ||
| 700 | |a Catalunya. Mancomunitat. Consell de Pedagogia |9 20528 | ||
| 710 | 1 | |a Barcelona (Catalunya : Província). |b Direcció Tècnica de Biblioteques |9 56167 | |
| 785 | 0 | 0 | |t Anuario de la Biblioteca Central y de las Populares y Especiales |
| 866 | |a 1922-1935 | ||
| 901 | |a Arxiu | ||
| 942 | |n 1 |2 udc |c REV | ||
| 952 | |0 0 |1 0 |2 udc |4 0 |6 REV54 |7 1 |9 45326 |a Arxiu |b Arxiu |d 2016-12-01 |h 1922 - 1923 |o Rev-54 |p 7012 |r 2016-12-01 00:00:00 |w 2016-12-01 |y ARXIU |z Números de registre: 7012 (1922) ; 7013 (1923) | ||
| 952 | |0 0 |1 0 |2 udc |4 0 |7 1 |9 61709 |a Arxiu |b Arxiu |d 2022-05-17 |h 1924 - 1927 |o Rev-55 |p 7014 |r 2022-05-17 00:00:00 |w 2022-05-17 |y ARXIU |z Números de registre: 7014 (1924-1925) ; 7015 (1926) ; 7016 (1927) | ||
| 952 | |0 0 |1 0 |2 udc |4 0 |6 REV56 |7 1 |9 61710 |a Arxiu |b Arxiu |d 2022-05-17 |h 1928 - 1929 |l 0 |o Rev-56 |p 7017 |r 2022-05-17 00:00:00 |w 2022-05-17 |y ARXIU |z Números de registre: 7017 (1928) ; 11342 (1929) | ||
| 952 | |0 0 |1 0 |2 udc |4 0 |6 REV57 |7 1 |9 61711 |a Arxiu |b Arxiu |d 2022-05-17 |h 1930 - 1931 |l 0 |o Rev-57 |p 7018 |r 2022-05-17 00:00:00 |w 2022-05-17 |y ARXIU |z Números de registre: 7018 (1930) ; 7019 (1931) | ||
| 952 | |0 0 |1 0 |2 udc |4 0 |6 REV58 |7 1 |9 61712 |a Arxiu |b Arxiu |d 2022-05-17 |h 1932 - 1933 |l 0 |o Rev-58 |p 7020 |r 2022-05-17 00:00:00 |w 2022-05-17 |y ARXIU |z Números de registre: 7020 (1932) ; 7021 (1933) | ||
| 952 | |0 0 |1 0 |2 udc |4 0 |6 REV59 |7 1 |9 61713 |a Arxiu |b Arxiu |d 2022-05-17 |h 1934 - 1935 |l 0 |o Rev-59 |p 7022 |r 2022-05-17 00:00:00 |w 2022-05-17 |y ARXIU |z Números de registre: 7022 (1934) ; 7023 (1935) | ||
| 952 | |0 0 |1 0 |4 0 |7 1 |9 66044 |a Arxiu |b Arxiu |d 2023-04-11 |h 1928 |o Rev-2048 |p 27701 |r 2023-04-11 00:00:00 |w 2023-04-11 |y ARXIU |z Duplicat de Rev-56 | ||
| 952 | |0 0 |1 0 |4 0 |7 1 |9 66045 |a Arxiu |b Arxiu |d 2023-04-11 |h 1934 |o Rev-2049 |p 27702 |r 2023-04-11 00:00:00 |w 2023-04-11 |y ARXIU |z Duplicat de Rev-59 | ||
| 952 | |0 0 |1 0 |4 0 |7 1 |9 66046 |a Arxiu |b Arxiu |d 2023-04-11 |h 1935 |o Rev-2050 |p 27703 |r 2023-04-11 00:00:00 |w 2023-04-11 |y ARXIU |z Duplicat de Rev-59 | ||
| 999 | |c 48400 |d 48400 | ||